Statistics for Top 20 Rangers: All-Time Home Run Leaders

Click here to take the quiz!

General Stats

  • This quiz has been taken 22 times
  • The average score is 9 of 20

Answer Stats

Home RunsAnswer% Correct
372Juan Gonzalez
90%
150Josh Hamilton
85%
217Ivan Rodriguez
85%
156Alex Rodriguez
85%
321Rafael Palmeiro
80%
199Adrian Beltre
80%
177Michael Young
55%
157Nelson Cruz
45%
180Ruben Sierra
40%
156Ian Kinsler
40%
154Dean Palmer
35%
153Mark Teixeira
30%
124Toby Harrah
30%
246Frank Howard
25%
124Pete Incaviglia
25%
152Hank Blalock
20%
119Rusty Greer
15%
113Rougned Odor
15%
149Lance Parrish
10%
114Pete O'Brien
5%

Score Distribution

Percentile by Number Answered

Percent of People with Each Score

Your Score History

You have not taken this quiz